000 00623nam a2200205Ia 4500
003 IN-BaIIA
008 211028s9999 xx 000 0 eng d
020 _a0-540-07092-3
040 _cIIA Library
080 _a524.3-852
_bPRO
245 0 _aProblems in stellar atmospheres and envelopes
_cedited by B. Baschek, W. H. Kegel and G. Traving
260 _aBerlin
_bSpringer-Verlag
_c1975
300 _axix, 375p.
650 _a Stellar envelopes
_98596
650 _aStellar atmosphere 
_98597
700 _aBaschek, B., ed.
_98598
700 _aKegel, W. H., ed.
_98599
700 _aTraving, G., ed.
_98600
942 _cBK
999 _c4827
_d4827